[Event "CPX.TI.03"]
[Site "http://www.queenalice.com/game.php?id=741172"]
[Date "2010.3.4"]
[Round "-"]
[White "aribeiro2"]
[Black "oTemplario"]
[Result "1-0"]
[WhiteElo "1422"]
[BlackElo "922"]

1. e4 e5 2. Bc4 d5 3. Bxd5 c6 4. Bc4 Nd7 5. Nf3 Nb6 6. Nxe5 Bd6 7. Bxf7+ Kf8 8.
Qf3 Qe7 9. Nc3 Bxe5 10. d3 g5 11. g3 h6 12. h4 Rh7 13. Bb3+ Rf7 14. Qh5 Rg7 15.
f4 Bxc3+ 16. bxc3 Be6 17. fxg5 Rxg5 18. Bxg5 Qe8 19. Qf3+ Qf7 20. O-O hxg5 21.
Bxe6 Qxf3 22. Rxf3+ Ke7 23. Bb3 Rf8 24. Raf1 Rd8 25. hxg5 a5 26. Rf7+ Kd6 27.
Rxb7 Nd7 28. Ra7 Ne7 29. Rxa5 Rg8 30. Bxg8 Nxg8 31. g6 Nf8 32. Rxf8 Ne7 33. g7
Ng6 34. Rd8+ Ke6 35. g8=Q+ Kf6 36. Rf8+ Ke7 37. Qf7+ Kd6 38. Rd8# 1-0

[Event "CPX.TI.15"]
[Site "http://www.queenalice.com/game.php?id=741577"]
[Date "2010.3.5"]
[Round "-"]
[White "oTemplario"]
[Black "RubensFigueiredo"]
[Result "0-1"]
[WhiteElo "1100"]
[BlackElo "1527"]

1. d4 d5 2. Nc3 Nf6 3. e3 e6 4. b3 Bb4 5. Qd2 Qd6 6. a3 Bxc3 7. Qxc3 Ne4 8. Qa5
Bd7 9. c4 b6 10. Qb4 Qxb4+ 11. Bd2 Qxd2# 0-1

[Event "CPX.TI.09"]
[Site "http://www.queenalice.com/game.php?id=743014"]
[Date "2010.3.8"]
[Round "-"]
[White "aclj"]
[Black "oTemplario"]
[Result "1-0"]
[WhiteElo "966"]
[BlackElo "1100"]

1. e4 e5 2. g3 f6 3. Nh3 d6 4. Bg2 b6 5. Qh5+ g6 6. Qe2 Qd7 7. g4 f5 8. g5 Ba6
9. d3 d5 10. exd5 Bc5 11. Nc3 Bd4 12. O-O c6 13. a4 Bxc3 14. bxc3 h6 15. Qxe5+
Ne7 16. Qxh8+ Kf7 17. Qf6+ Ke8 18. d6 Nd5 19. Re1+ Ne7 20. Rxe7+ Qxe7 21. Qxe7#
1-0

[Event "CPX.CA1.05"]
[Site "http://www.queenalice.com/game.php?id=771336"]
[Date "2010.5.6"]
[Round "-"]
[White "raszytko"]
[Black "oTemplario"]
[Result "1-0"]
[WhiteElo "2411"]
[BlackElo "994"]

1. d4 e6 2. c4 c6 3. Nf3 Nh6 4. e4 Qa5+ 5. Nc3 Be7 6. Be2 d5 7. cxd5 cxd5 8.
exd5 O-O 9. Bxh6 gxh6 10. Qd2 Bf6 11. Qxh6 Bg7 12. Qh5 Qc7 13. O-O Qf4 14. Rfe1
a5 15. Bc4 a4 16. dxe6 fxe6 17. Ne4 Rf5 18. Neg5 Raa5 19. Bxe6+ Kf8 20. Bxf5
Rxf5 21. Re8# 1-0

[Event "CPX.CA1.15"]
[Site "http://www.queenalice.com/game.php?id=771417"]
[Date "2010.5.6"]
[Round "-"]
[White "euber"]
[Black "oTemplario"]
[Result "1-0"]
[WhiteElo "1438"]
[BlackElo "988"]

1. e4 e5 2. Nf3 d6 3. Bb5+ c6 4. Bc4 b5 5. Bf1 Na6 6. c3 Bg4 7. d3 b4 8. a3 g6
9. Bg5 f6 10. Bc1 Qb6 11. cxb4 d5 12. Be3 Qb7 13. h3 Bxf3 14. gxf3 c5 15. bxc5
d4 16. Bc1 Bxc5 17. b4 Bd6 18. Qa4+ Kd8 19. b5 Nc5 20. Qb4 Qc7 21. Qc4 Ne7 22.
Nd2 a6 23. Qe6 Ke8 24. Qxf6 Rf8 25. Qg7 Rf4 26. Qg8+ Rf8 27. Qxh7 Rg8 28. bxa6
Kd7 29. Nc4 Rh8 30. Qf7 Rh7 31. Qxh7 Qb6 32. Nxb6+ Kc7 33. Nxa8+ Kc6 34. Bg5 Nc8
35. Qxg6 Ne7 36. Qe8+ 1-0

[Event "CPX.CA1.16"]
[Site "http://www.queenalice.com/game.php?id=772425"]
[Date "2010.5.7"]
[Round "-"]
[White "oTemplario"]
[Black "aribeiro2"]
[Result "0-1"]
[WhiteElo "994"]
[BlackElo "1344"]

1. e4 e5 2. c4 Qf6 3. g3 Bc5 4. Qf3 Qxf3 5. Nxf3 d6 6. Nc3 Bg4 7. Ng5 Nf6 8. Bg2
Nc6 9. h3 Bh5 10. g4 Bg6 11. d3 h6 12. Nf3 a5 13. Bd2 a4 14. Nb5 Nd4 15. Be3
Nxb5 16. O-O Na7 17. a3 h5 18. b4 axb3 19. Rab1 Rb8 20. Rxb3 hxg4 21. hxg4 Nxg4
22. Bh3 Bh5 23. a4 Bxe3 24. fxe3 Nxe3 25. Re1 Bxf3 26. Rxe3 Rxh3 27. Rb2 g5 28.
Rf2 g4 29. Kf1 Nc6 30. Rfe2 Ra8 31. Kf2 Bxe2 32. Rxe2 Nd4 33. Re1 Rxa4 34. Kg2
Ra2+ 0-1

[Event "CPX.CA1.17"]
[Site "http://www.queenalice.com/game.php?id=772426"]
[Date "2010.5.7"]
[Round "-"]
[White "oTemplario"]
[Black "aclj"]
[Result "0-1"]
[WhiteElo "988"]
[BlackElo "1074"]

1. e4 e6 2. c4 Bd6 3. Qf3 Nf6 4. Be2 O-O 5. Nh3 h6 6. O-O c5 7. d3 e5 8. Nc3 b6
9. Be3 Nc6 10. Qf5 g6 11. Qf3 h5 12. Qg3 Nb4 13. Bh6 Kh7 14. Bg5 Nc2 15. Rac1
Nd4 16. Bg4 a5 17. Rce1 a4 18. Re3 hxg4 19. Qh4+ Kg8 20. Rg3 Be7 21. Kh1 gxh3
22. Rxh3 Nh5 23. Qg4 f6 24. f4 d6 25. f5 fxg5 26. Nd5 Ra7 27. Re1 Kf7 28. Ree3
Ng7 29. Rh7 gxf5 30. exf5 Bxf5 31. Qg3 Bxh7 32. Qh3 Rh8 33. Qf3+ Nxf3 34. gxf3
Nf5 35. h4 gxh4 0-1

[Event "CPX.CA1.18"]
[Site "http://www.queenalice.com/game.php?id=772427"]
[Date "2010.5.7"]
[Round "-"]
[White "oTemplario"]
[Black "RubensFigueiredo"]
[Result "0-1"]
[WhiteElo "988"]
[BlackElo "1562"]

1. g4 e5 2. Nf3 Nc6 3. c4 Nf6 4. Bh3 d5 5. O-O dxc4 6. Qa4 Bd7 7. d4 Nxd4 8.
Qxc4 Nxf3+ 9. exf3 Be6 10. Qc3 Bd6 11. Be3 O-O 12. g5 Nd5 13. Qd3 Bxh3 14. Kh1
Bxf1 15. Qxf1 Nxe3 16. fxe3 Qxg5 17. Nc3 f5 18. Qg1 Qxg1+ 19. Kxg1 f4 20. e4
Bc5+ 21. Kf1 Rad8 22. Rd1 Rxd1+ 23. Ke2 Rh1 0-1

[Event "CPX.CA1.42"]
[Site "http://www.queenalice.com/game.php?id=792635"]
[Date "2010.6.20"]
[Round "-"]
[White "RubensFigueiredo"]
[Black "oTemplario"]
[Result "1-0"]
[WhiteElo "1573"]
[BlackElo "1018"]

1. e4 e6 2. Nc3 Nc6 3. Nf3 Bb4 4. a3 Ba5 5. b4 Bb6 6. d3 Qf6 7. Bb2 h5 8. Na4
Nd4 9. Nxb6 axb6 10. Bxd4 Qe7 11. Bxg7 Nf6 12. Bxh8 Ng8 13. Bg7 c5 14. Be2 Ra4
15. c3 f5 16. Qxa4 Qxg7 17. O-O b5 18. Qxb5 Qe7 19. Qxc5 d6 20. Qxc8+ Kf7 21.
exf5 exf5 22. Rfe1 Nf6 23. Ng5+ Kg6 24. Bxh5+ Kxh5 25. Rxe7 1-0

[Event "CPX.CA1.29"]
[Site "http://www.queenalice.com/game.php?id=792758"]
[Date "2010.6.20"]
[Round "-"]
[White "aclj"]
[Black "oTemplario"]
[Result "0-1"]
[WhiteElo "1108"]
[BlackElo "1018"]

1. e3 e5 2. Nf3 d6 3. Bd3 Nc6 4. h3 Be6 5. a3 Qf6 6. O-O O-O-O 7. Be2 g5 8. Ne1
Nh6 9. b3 d5 10. b4 Qf5 11. g4 Qf6 12. b5 Na5 13. c3 e4 14. a4 Bc5 15. Ba3 Bd6
16. d4 Rhg8 17. Bb4 Nc4 18. Bc5 Rg6 19. Bxa7 Qg7 20. Ng2 Nb2 21. Qc2 f5 22. Qxb2
fxg4 23. h4 gxh4 24. Nxh4 Be7 25. Ng2 Nf5 26. b6 Qh6 27. Nf4 Bd6 28. a5 Qh4 29.
bxc7 Rh6 30. cxd8=Q+ Kxd8 31. Qb6+ Ke8 32. f3 Qh2# 0-1

[Event "CPX.CA1.23"]
[Site "http://www.queenalice.com/game.php?id=793426"]
[Date "2010.6.22"]
[Round "-"]
[White "aribeiro2"]
[Black "oTemplario"]
[Result "0-1"]
[WhiteElo "1287"]
[BlackElo "962"]

1. e4 e6 2. d4 d5 3. exd5 exd5 4. h4 Be6 5. Bb5+ c6 6. Ba4 Qa5+ 7. c3 Bb4 8. b3
Bd6 9. a3 Nh6 10. f3 Bf5 11. b4 Qa6 12. g4 Bg3+ 13. Kd2 Qd3# 0-1

[Event "CPX.CA1.37"]
[Site "http://www.queenalice.com/game.php?id=793449"]
[Date "2010.6.22"]
[Round "-"]
[White "oTemplario"]
[Black "raszytko"]
[Result "0-1"]
[WhiteElo "1018"]
[BlackElo "2417"]

1. e4 c5 2. Nc3 Nc6 3. Bb5 Nd4 4. Bc4 g6 5. Nf3 Bg7 6. d3 e6 7. O-O d6 8. b3
Nxf3+ 9. Qxf3 Bxc3 10. Qg3 Bxa1 11. Bg5 Be5 12. f4 Bd4+ 13. Rf2 Qa5 14. Kf1 Bxf2
15. Qxf2 b5 16. Bd5 exd5 17. f5 Qxa2 0-1

[Event "CPX.CA1.39"]
[Site "http://www.queenalice.com/game.php?id=793450"]
[Date "2010.6.22"]
[Round "-"]
[White "oTemplario"]
[Black "euber"]
[Result "0-1"]
[WhiteElo "1018"]
[BlackElo "1461"]

1. e4 e5 2. c4 Nf6 3. d3 Bb4+ 4. Bd2 Bxd2+ 5. Qxd2 Nc6 6. Nf3 d6 7. Be2 Bg4 8.
Nh4 Bxe2 9. Qxe2 Nd4 10. Qe3 c5 11. Nc3 Ng4 12. Qg3 Qg5 13. Nf3 Nxf3+ 14. Qxf3
Qf4 15. Qe2 h5 16. d4 cxd4 17. Nd5 Qg5 18. Nc7+ Kd7 19. Nb5 a6 20. Na3 Nf6 21.
O-O Qf4 22. Nc2 Qg4 23. f3 Qg6 24. b4 Rhc8 25. c5 dxc5 26. Qc4 Ne8 27. Qd5+ Qd6
28. Qxf7+ Qe7 29. Qxh5 cxb4 30. Qg4+ Kd8 31. Rab1 Rxc2 32. Rbc1 Rxa2 33. Rc4 b3
34. Rcc1 b2 35. Rb1 Nf6 36. Qg5 Rc8 37. Qf5 a5 38. Rfc1 Rxc1+ 39. Rxc1 bxc1=Q#
0-1

[Event "CPX.CO1.03"]
[Site "http://www.queenalice.com/game.php?id=823934"]
[Date "2010.8.27"]
[Round "-"]
[White "raszytko"]
[Black "oTemplario"]
[Result "1-0"]
[WhiteElo "2423"]
[BlackElo "1047"]

1. d4 c6 2. e4 e6 3. Nf3 Qb6 4. Be2 Bd6 5. O-O Nf6 6. e5 Ng4 7. exd6 O-O 8. Na3
Qb4 9. Nc4 b5 10. c3 Qa4 11. b3 Qa6 12. Nce5 Nf6 13. Ng5 Nd5 14. Qd3 Qb6 15.
Qxh7# 1-0

[Event "CPX.CO1.10"]
[Site "http://www.queenalice.com/game.php?id=824017"]
[Date "2010.8.27"]
[Round "-"]
[White "euber"]
[Black "oTemplario"]
[Result "0-1"]
[WhiteElo "1387"]
[BlackElo "1047"]

1. e3 d5 2. Nc3 c5 3. Bb5+ Bd7 4. Bxd7+ Qxd7 5. Nf3 e6 6. Ne5 Qd6 7. f4 Be7 8.
Qg4 Nf6 9. Qe2 O-O 10. Nb5 Qa6 11. Nc7 Bd6 12. Nxa8 Bxe5 13. fxe5 Ne4 14. d3 Ng5
15. Nc7 Qc6 16. Na8 Qa4 17. b3 Qh4+ 0-1

[Event "CPX.CO1.07"]
[Site "http://www.queenalice.com/game.php?id=824118"]
[Date "2010.8.27"]
[Round "-"]
[White "louco_dog"]
[Black "oTemplario"]
[Result "1-0"]
[WhiteElo "1430"]
[BlackElo "1077"]

1. e4 f6 2. Nf3 c5 3. Bc4 e6 4. Nc3 Qc7 5. Nh4 Bd6 6. Qg4 Nh6 7. Qxg7 Nf7 8.
Qxf6 Rg8 9. O-O Qd8 10. Qxd8+ Kxd8 11. Re1 Rg4 12. g3 Ng5 13. d3 Nh3+ 14. Kg2
Nf4+ 15. Bxf4 b6 16. Bxd6 Nc6 17. f3 Rg7 18. Nb5 a6 19. Bc7+ Ke7 20. Bxb6 1-0

[Event "CPX.CO1.11"]
[Site "http://www.queenalice.com/game.php?id=825065"]
[Date "2010.8.29"]
[Round "-"]
[White "oTemplario"]
[Black "aribeiro2"]
[Result "0-1"]
[WhiteElo "1086"]
[BlackElo "1304"]

1. d4 Nc6 2. c3 e6 3. g3 Nf6 4. b4 a5 5. b5 Na7 6. Bg5 h6 7. Bf4 Nxb5 8. Qd3 c6
9. Bg2 Qb6 10. Nd2 g5 11. Be3 Nd5 12. c4 Nd6 13. cxd5 Qb2 14. Rb1 Qxa2 15. Rc1
b6 16. Qc2 Qa3 17. Rb1 Rb8 18. h4 f6 19. Rb3 Qa1+ 20. Nb1 Qa4 21. Qc3 Nb5 22.
Qc4 Qxc4 0-1

[Event "CPX.CO1.12"]
[Site "http://www.queenalice.com/game.php?id=825066"]
[Date "2010.8.29"]
[Round "-"]
[White "oTemplario"]
[Black "RubensFigueiredo"]
[Result "0-1"]
[WhiteElo "1074"]
[BlackElo "1585"]

1. d4 d5 2. e3 Nf6 3. Nf3 Nc6 4. Bb5 Bd7 5. Ng5 Be6 6. O-O Bg4 7. Qd3 a6 8. c3
axb5 9. Qxb5 Ra7 10. Na3 Bd7 11. Rb1 Nxd4 12. Nf3 Bxb5 13. c4 Nxf3+ 14. gxf3
Bxc4 15. b3 Bxf1 16. Kxf1 e5 17. b4 Rxa3 18. Bxa3 Qa8 0-1